AFL Best Players since 2010 - Statistics

General Stats
  • This quiz has been taken 168 times
    75 since last reset
  • The average score is 23 of 40
Answer Stats
Club/s Answer % Correct
Western Bulldogs Marcus Bontempelli
95%
Fremantle Nathan Fyfe
95%
Richmond Dustin Martin
94%
Geelong/Gold Coast Gary Ablett Jr
94%
Adelaide/Geelong Patrick Dangerfield
92%
Fremantle/Brisbane Lachie Neale
91%
Sydney/Hawthorn/Collingwood Tom Mitchell
84%
Hawthorn/Sydney Lance Franklin
83%
Hawthorn/West Coast Sam Mitchell
83%
Collingwood Scott Pendlebury
83%
West Coast/Carlton Chris Judd
80%
GWS/Geelong Jeremy Cameron
75%
Hawthorn/Brisbane Luke Hodge
72%
Carlton/Adelaide Eddie Betts
69%
Richmond Jack Riewoldt
69%
Carlton Patrick Cripps
69%
Melbourne Max Gawn
67%
Richmond Trent Cotchin
67%
St Kilda Nick Riewoldt
66%
Geelong Tom Hawkins
66%
Geelong Joel Selwood
64%
West Coast Josh J Kennedy
61%
Port Adelaide Travis Boak
59%
Fremantle Matthew Pavlich
50%
Collingwood Dane Swan
48%
Richmond Alex Rance
47%
West Coast Jeremy McGovern
47%
North Melbourne/Essendon Todd Goldstein
36%
Carlton Charlie Curnow
31%
Western Bulldogs/St Kilda Jack Macrae
31%
Hawthorn Cyril Rioli
30%
Geelong/GWS Steve Johnson
30%
Port Adelaide Robbie Gray
28%
Port Adelaide/Hawthorn Shaun Burgoyne
28%
West Coast Nic Naitanui
25%
Geelong Tom Stewart
25%
Adelaide Rory Laird
22%
Brisbane Harris Andrews
19%
Fremantle Aaron Sandilands
17%
Geelong Corey Enright
5%
No matching quizzes found
Score Distribution
Percent of People with Each Score
Percentile by Number Answered
Your Score History
You have not taken this quiz since the last reset